[Event "FRA-ch U14 Girls"]
[Site "Le Grand Bornand"]
[Date "2007.04.??"]
[Round "2"]
[White "Alonso, Audrey"]
[Black "Mencacci, Tiphanie"]
[Result "1-0"]
[WhiteElo "1770"]
[BlackElo "1563"]
[PlyCount "67"]
[EventDate "2007.04.07"]
[EventType "swiss"]
[EventRounds "9"]
[EventCountry "FRA"]
[SourceTitle "CBM 118 Extra"]
[Source "ChessBase"]
[SourceDate "2007.07.04"]
[SourceVersion "1"]
[SourceVersionDate "2007.07.04"]
[SourceQuality "1"]

1. e4 e5 2. Nf3 Nc6 3. Bb5 d6 4. d4 exd4 5. Nxd4 Bd7 6. Nxc6 Bxc6 7. Bxc6+ bxc6 8. 0-0 Be7 9. Bf4 Nf6 10. Nc3 0-0 11. e5 dxe5 12. Bxe5 Bd6 13. Re1 Re8 14. Bxf6 Rxe1+ 15. Qxe1 Qxf6 16. Qe3 Qe5 17. Qxe5 Bxe5 18. Na4 h6 19. Rd1 Bd6 20. Re1 Kf8 21. Kf1 Rd8 22. Re4 Be7 23. Rc4 Rd6 24. Nc3 Re6 25. Ne4 Ke8 26. Nc5 Re5 27. Nd3 Re6 28. Ra4 Bg5 29. Rxa7 Re7 30. f4 Bf6 31. Nc5 Re3 32. c3 Kd8 33. Ra8+ Ke7 34. Kf2 1-0

[Event "Bastiais Master 5th"]
[Site "Bastia"]
[Date "2007.03.??"]
[Round "?"]
[White "Gil, Jean Jacques"]
[Black "Mencacci, Tiphanie"]
[Result "1-0"]
[WhiteElo "1592"]
[BlackElo "1562"]
[PlyCount "53"]
[EventDate "2007.03.??"]
[EventType "swiss"]
[EventRounds "9"]
[EventCountry "FRA"]
[SourceTitle "CBM 117 Extra"]
[Source "ChessBase"]
[SourceDate "2007.05.09"]
[SourceVersion "1"]
[SourceVersionDate "2007.05.09"]
[SourceQuality "1"]

1. e3 d5 2. f4 Nf6 3. d4 g6 4. Bd3 Bg7 5. Nf3 Bg4 6. 0-0 0-0 7. Nbd2 Qd6 8. Qe1 c5 9. c3 Nc6 10. Ne5 c4 11. Bc2 b5 12. Qg3 Bd7 13. Qf2 a5 14. Nxd7 Qxd7 15. Nf3 b4 16. Ne5 Qd6 17. Ba4 Nd8 18. Qh4 Ne4 19. Rf3 bxc3 20. Rh3 h5 21. g4 cxb2 22. Bxb2 Nf6 23. gxh5 Nxh5 24. Bd1 Bf6 25. Qg4 Kh7 26. Bc2 Kh6 27. Nxf7+ 1-0

[Event "FRA-ch U12 Girls"]
[Site "Calvi"]
[Date "2005.04.23"]
[Round "8"]
[White "Mencacci, Tiphanie"]
[Black "Pinault, Mailys"]
[Result "1-0"]
[WhiteElo "1610"]
[BlackElo "1370"]
[PlyCount "73"]
[EventDate "2005.04.??"]
[EventType "swiss"]
[EventRounds "9"]
[EventCountry "FRA"]
[SourceTitle "EXT 2006"]
[Source "ChessBase"]
[SourceDate "2005.11.24"]
[SourceVersion "1"]
[SourceVersionDate "2005.11.24"]
[SourceQuality "1"]

1. e4 e6 2. d4 d5 3. e5 c5 4. c3 Nc6 5. Nf3 Qb6 6. dxc5 Bxc5 7. Qc2 Nh6 8. Bxh6 gxh6 9. Bd3 Bd7 10. 0-0 Qc7 11. Re1 Qb6 12. Rf1 Qc7 13. Re1 Qb6 14. Re2 Rg8 15. Bxh7 Rg7 16. Bd3 0-0-0 17. Nbd2 Rdg8 18. g3 h5 19. Bh7 Rh8 20. Bd3 Be7 21. Qb3 Qxb3 22. Nxb3 f6 23. Nbd4 fxe5 24. Nxe5 Nxd4 25. cxd4 Be8 26. Rc1+ Kd8 27. Nf3 Bd7 28. Ne5 Be8 29. Rec2 Bd6 30. Rc8+ Ke7 31. Ra8 a6 32. Rcc8 Bxe5 33. dxe5 Rgg8 34. Rc7+ Kf8 35. Rxb7 Rg7 36. Rxg7 Kxg7 37. Rxa6 1-0

[Event "FRA-ch U12 Girls"]
[Site "Calvi"]
[Date "2005.04.19"]
[Round "4"]
[White "Mencacci, Tiphanie"]
[Black "Miralles, Dina"]
[Result "1-0"]
[WhiteElo "1610"]
[BlackElo "1450"]
[PlyCount "89"]
[EventDate "2005.04.??"]
[EventType "swiss"]
[EventRounds "9"]
[EventCountry "FRA"]
[SourceTitle "EXT 2006"]
[Source "ChessBase"]
[SourceDate "2005.11.24"]
[SourceVersion "1"]
[SourceVersionDate "2005.11.24"]
[SourceQuality "1"]

1. e4 d6 2. d4 Nf6 3. Nc3 g6 4. Be3 Bg7 5. Bc4 0-0 6. Nge2 Nc6 7. 0-0 e5 8. d5 Nb8 9. Qd2 Nbd7 10. Bh6 Nc5 11. Ng3 Re8 12. Bxg7 Kxg7 13. Qg5 Ng4 14. Qd2 Bd7 15. h3 Nf6 16. Rae1 b5 17. Bxb5 Bxb5 18. Nxb5 Qb8 19. c4 Qb7 20. Nc3 Rab8 21. b3 Qb4 22. f4 Qb6 23. Kh1 Qb4 24. Rf3 a5 25. fxe5 Rxe5 26. Qf2 Ncd7 27. Rf1 Rf8 28. Kh2 Qb8 29. Nce2 Qe8 30. Nc3 Qb8 31. Nb5 Qb7 32. Kh1 Qb8 33. Kh2 Qb7 34. Nd4 c5 35. dxc6 Qc7 36. cxd7 Nxd7 37. Rxf7+ Rxf7 38. Qxf7+ Kh8 39. Ne6 Rxe6 40. Qxe6 Qc6 41. Qe8+ Kg7 42. Rf7+ Kh6 43. Rxd7 Qc5 44. Qe7 Qa3 45. Qh4# 1-0

[Event "FRA-ch U12 Girls"]
[Site "Calvi"]
[Date "2005.04.17"]
[Round "1"]
[White "Soubirou, Oriane"]
[Black "Mencacci, Tiphanie"]
[Result "1/2-1/2"]
[WhiteElo "1330"]
[BlackElo "1610"]
[PlyCount "95"]
[EventDate "2005.04.??"]
[EventType "swiss"]
[EventRounds "9"]
[EventCountry "FRA"]
[SourceTitle "EXT 2006"]
[Source "ChessBase"]
[SourceDate "2005.11.24"]
[SourceVersion "1"]
[SourceVersionDate "2005.11.24"]
[SourceQuality "1"]

1. e4 e5 2. Nf3 Nf6 3. Nc3 Nc6 4. Bb5 d6 5. d3 Bg4 6. 0-0 a6 7. Ba4 b5 8. Bb3 Nd4 9. Be3 Nxf3+ 10. gxf3 Bh3 11. Re1 Be7 12. Nd5 c6 13. Bb6 Qd7 14. Nc7+ Kf8 15. Nxa8 Qb7 16. Be3 Qxa8 17. c3 Qd8 18. Qd2 Qd7 19. Bd1 Qe6 20. Bg5 h6 21. Bh4 Nh5 22. Bg3 Qg6 23. Kh1 Bg5 24. Qc2 Bf4 25. Rg1 Nxg3+ 26. fxg3 Be3 27. Re1 Qg5 28. Qe2 Bb6 29. a4 h5 30. b3 Rh6 31. Ra2 Rg6 32. Qd2 Qf6 33. c4 bxc4 34. bxc4 Qe6 35. f4 exf4 36. Qxf4 Rf6 37. Qg5 Bf2 38. Ree2 Be3 39. Qxe3 Rf1+ 40. Qg1 Rxg1+ 41. Kxg1 Qf6 42. Rf2 Qd4 43. Rad2 g6 44. Bf3 a5 45. Bg2 Qa1+ 46. Rf1 Qc3 47. Rff2 Bxg2 48. Kxg2 1/2-1/2

[Event "Calvi Balagne op 02nd"]
[Site "Calvi"]
[Date "2005.02.23"]
[Round "5"]
[White "Zgonec, Pierre Dominique"]
[Black "Mencacci, Tiphanie"]
[Result "0-1"]
[WhiteElo "1380"]
[BlackElo "1610"]
[PlyCount "64"]
[EventDate "2005.02.20"]
[EventType "swiss"]
[EventRounds "9"]
[EventCountry "FRA"]
[SourceTitle "CBM 105 Extra"]
[Source "ChessBase"]
[SourceDate "2005.05.01"]
[SourceVersion "1"]
[SourceVersionDate "2005.05.01"]
[SourceQuality "1"]

1. e4 e5 2. Nf3 Nf6 3. Nc3 Nc6 4. Bb5 d6 5. Bxc6+ bxc6 6. 0-0 Bg4 7. h3 Bh5 8. d3 Be7 9. Be3 0-0 10. Re1 d5 11. exd5 cxd5 12. Bg5 Qd6 13. Qd2 c6 14. d4 e4 15. Ne5 h6 16. Bxf6 Bxf6 17. Ng4 Bg5 18. Qe2 Kh8 19. f3 exf3 20. Qxf3 f5 21. Qd1 fxg4 22. hxg4 Bg6 23. Rf1 Qg3 24. Rxf8+ Rxf8 25. Qe2 Bf4 26. Rf1 Qh2+ 27. Kf2 Bd2+ 28. Qf3 Rxf3+ 29. Kxf3 Qf4+ 30. Ke2 Qe3+ 31. Kd1 a5 32. Rf3 Qe1# 0-1